000 00281nam a2200121Ia 4500
008 190216s9999||||xx |||||||||||||| ||und||
100 _aGulshan Nanda
245 0 _aFrozen Lips
260 _bPearl Pub
_c1967
300 _a118
650 _aEnglish Novel-English Novel
942 _cBK
999 _c11896
_d11896